Information technology for integrated health systems : positioning for the future

Bibliographic Details
Main Authors: Borchardt, Sandra (Author), Kissinger, Kerry (Author)
Format: Book
Published: New York : John Wiley , c1996
Series:The Ernst & Young information management series
Subjects:

MARC

LEADER 00000cam a2200000 7i4500
001 0000026257
005 20021119093000.0
020 |a 0471114529 
090 0 0 |a RA971.6   |b .I54 1996 
245 0 0 |a Information technology for integrated health systems :   |b positioning for the future   |c editors, Kerry Kissinger and Sandra Borchardt 
260 2 |a New York :   |b John Wiley ,   |c c1996 
300 |a xx, 252 p. ; ;   |c 24 cm. 
440 0 4 |a The Ernst & Young information management series 
504 |a Includes index 
650 0 |a Health services administration   |x Data processing 
650 0 |a Information storage and retrieval systems   |x Health facilities 
650 0 |a Information storage and retrieval systems   |x Medical care 
650 0 |a Medical care   |x Data processing 
700 0 |a Borchardt, Sandra ,   |e author 
700 0 |a Kissinger, Kerry ,   |e author 
999 |a 1000056324   |b Book   |c OPEN SHELF (30 DAYS)   |e Gong Badak Campus